Costa RIca 1982-1987: ¿una aplicación heterodoxa "sui generis" de políticas de ajuste estructural? /
Busca conocer la experiencia, del periodo de 1982 en adelante, en la formulación y ejecución de políticas públicas de ajuste estructural en Costa Rica. Primero se presenta un balance preliminar de las experiencias en América Latina con los préstamos y programas relacionados con el Banco Mundial. Lue...
Tallennettuna:
| Päätekijä: | |
|---|---|
| Aineistotyyppi: | Kirja |
| Kieli: | Spanish |
| Aiheet: | |
| Tagit: |
Lisää tagi
Ei tageja, Lisää ensimmäinen tagi!
|
MARC
| LEADER | 00000nam a22000007a 4500 | ||
|---|---|---|---|
| 003 | cru CIDCACS/IIS | ||
| 005 | 20200925161128.0 | ||
| 007 | ta | ||
| 008 | 161020t1989 cr ||||| |||| 00| 0 spa d | ||
| 999 | |c 18632 |d 18632 | ||
| 040 | |c CRAI/IIS |a CRAI/IIS | ||
| 100 | 1 | |9 219 |a Fürst, Edgar | |
| 245 | 1 | |a Costa RIca 1982-1987: |b ¿una aplicación heterodoxa "sui generis" de políticas de ajuste estructural? / |c Edgar Fürst | |
| 300 | |a páginas 179-204 : |b tablas | ||
| 520 | |a Busca conocer la experiencia, del periodo de 1982 en adelante, en la formulación y ejecución de políticas públicas de ajuste estructural en Costa Rica. Primero se presenta un balance preliminar de las experiencias en América Latina con los préstamos y programas relacionados con el Banco Mundial. Luego se analizan las actuales opciones de ajuste estructural en lo referente a sus bases paradigmáticas y sus diferencias centrales en términos conceptuales y políticos. Finalmente, se evalúa la incidencia de los enfoques bajo discusión en la experiencia reciente de las políticas de ajuste en Costa Rica. | ||
| 650 | 4 | |9 4425 |a AJUSTE ESTRUCTURAL | |
| 650 | 1 | 0 | |9 3327 |a PROGRAMAS DE AJUSTE |
| 650 | 4 | |9 2655 |a POLITICA ECONOMICA | |
| 651 | 1 | 0 | |9 32 |a COSTA RICA |
| 773 | 0 | |0 18627 |9 68 |a Lundahl, Mats |d San José, Costa Rica: Editorial DEI, 1989 |o 17678 |t Crisis económica en Centroamérica y El Caribe / |z 9977830045 | |
| 942 | |2 ddc |c LI | ||



